| 000 | 00844nam a22002417a 4500 | ||
|---|---|---|---|
| 999 |
_c640 _d640 |
||
| 003 | AR-CdUCM | ||
| 008 | 190225b ||||| |||| 00| 0 spa d | ||
| 040 |
_aMUNICIPALIDAD PROVINCIAL DEL CUSCO _cBIBLIOTECA MUNICIPAL DEL CUSCO |
||
| 041 | _heng | ||
| 082 |
_a937.05 / _bW22 |
||
| 100 |
_aWalter, Gerard _92486 |
||
| 245 | _aJulio Cesar / | ||
| 260 |
_aEspaña : _bGrijalbo , _c1962. |
||
| 300 |
_a478 páginas ; _bimágenes. _c21 cm. |
||
| 440 |
_aCientíficos, escritores y artistas _92487 |
||
| 505 | _aLa entrada en la historia -- El niño se hace hombre -- El hombre toma impulso -- Primeras pruebas -- Estancia en Roma... | ||
| 650 |
_aImperio Romano. _92488 |
||
| 650 |
_aJulio Cesar. _92489 |
||
| 650 |
_aBiografías. _9148 |
||
| 700 |
_aRodón Bracons, Francisco (traductor) _92490 |
||
| 942 |
_2ddc _cLIBROS |
||
| 945 |
_awfj _d2019-02-25 |
||